El poder de homologación judicial. Traducción y cotejo con el sistema concursal estadounidense (Registro nro. 20857)

Detalles MARC
000 -LEADER
fixed length control field 00384 a2200109 4500
001 - CONTROL NUMBER
control field ART_39033
005 - DATE AND TIME OF LATEST TRANSACTION
control field 20260410161804.0
008 - FIXED-LENGTH DATA ELEMENTS--GENERAL INFORMATION
fixed length control field 260409a
100 1# - MAIN ENTRY--PERSONAL NAME
Personal name Dasso, Ariel A.
245 10 - TITLE STATEMENT
Title El poder de homologación judicial. Traducción y cotejo con el sistema concursal estadounidense
773 0# - HOST ITEM ENTRY
Title Doctrina Societaria y Concursal
Related parts - Nº 320 (jul. 2014)
Record control number REV4298

No hay ítems disponibles.